| 000 | 00461nam a2200157 a 4500 | ||
|---|---|---|---|
| 001 | 000033268 | ||
| 005 | 20200930070135.0 | ||
| 008 | 110823s1980 dr 000 0 spa d | ||
| 040 |
_aDO-SdBNP _bspa _cBNPHU |
||
| 082 |
_axxxx _bG956 |
||
| 100 | 1 |
_aGuiliani Cury, Hugo. _96465 |
|
| 245 | 1 | 0 |
_aReflexiones acerca de la economÃa dominicana. / _cHugo Guiliani Cury,. |
| 260 |
_aSanto Domingo : _bAlfa & Omega, _c1980. |
||
| 300 |
_a404 p. ; _c21 cm. |
||
| 049 | _aBNPD | ||
| 999 |
_c32759 _d32759 |
||